000 00600nam a2200217Ia 4500
005 20250923145600.0
008 008 250917s9999 xx 000 0 eng d
037 _aTextual
040 _aDSWL
_beng
_cDSWL
041 _aeng
_2eng
084 _aX:9BxI, N81
_qDSWL
100 _aRodgers, G.
_9836838
245 0 _aChild work, Poverty and underdevelopment
_c by G. Rodgers
260 _aGeneva
_bI.L.O.
_c1981
300 _axii,310p.
365 _aINR
_b25
700 _a G. Standing
_9836839
925 _g25
942 _cTEXL
_hX:9BxI, N81
999 _c1453114
_d1453114